Measuring information systems delivery quality

At present there is neither a commonly-accepted definition of quality for information systems. This collection starts from the idea that improving objective knowledge of potentially quality-enhancing methods is more likely to assist the production of high-quality software than merely experimenting w...

وصف كامل

محفوظ في:
التفاصيل البيبلوغرافية
المؤلف الرئيسي: Duggan, Evan W.
التنسيق: كتاب
اللغة:Undetermined
منشور في: Hershey, PA Idea Group Pub. 2006
الموضوعات:
الوسوم: إضافة وسم
لا توجد وسوم, كن أول من يضع وسما على هذه التسجيلة!
Thư viện lưu trữ: Trung tâm Học liệu Trường Đại học Cần Thơ
LEADER 01402nam a2200205Ia 4500
001 CTU_154041
008 210402s9999 xx 000 0 und d
082 |a 658.4038 
082 |b D866 
100 |a Duggan, Evan W. 
245 0 |a Measuring information systems delivery quality 
245 0 |c Evan W. Duggan, Han Reichgelt 
260 |a Hershey, PA 
260 |b Idea Group Pub. 
260 |c 2006 
520 |a At present there is neither a commonly-accepted definition of quality for information systems. This collection starts from the idea that improving objective knowledge of potentially quality-enhancing methods is more likely to assist the production of high-quality software than merely experimenting with new gadgets. Topics include a survey of information systems quality concepts and management issues, different views on software quality, making real progress with the Requirements Defects programs, the development of user-driven scenarios, process contributions to IS quality such as using agile methods in systems development, managing risks using action research methods and remodeling paradigms, and quality issues in under-researched areas such as government settings and open source processes. 
650 |a Management information systems,Information technology 
650 |x Evaluation,Evaluation 
904 |i Giang 
980 |a Trung tâm Học liệu Trường Đại học Cần Thơ